000 00653cam a22002414a 4500
001 4994935
005 20240221061017.0
008 990322s1999 enk b 001 0 eng
020 _a0415126223 (hbk)
020 _a0415126231 (pbk)
040 _aDLC
_cDLC
_dDLC
082 0 0 _a320.54
_221
_bNAT.
100 1 _aPoole, Ross,
245 1 0 _aNation and identity /
_cRoss Poole.
260 _aLondon ;
_aNew York :
_bRoutledge,
_c1999.
300 _axi, 209 p. ;
490 1 _aIdeas
650 0 _aNationalism.
650 0 _aLiberty.
650 0 _aMulticulturalism.
856 4 2 _uhttp://www.loc.gov/catdir/enhancements/fy0649/99023022-d.html
942 _cL
999 _c459
_d459